College Football Sudden Death by State: Maryland & D.C. - Statistics

General Stats
  • This quiz has been taken 60 times
  • The average score is 3 of 6
Answers on the Grid
Answers color-coded by a green-red scale on the quiz's grid according to % correct below.
 
Answer Stats
Answer % Correct
University of Maryland
(College Park, MD)
95%
The US Naval Academy
(Annapolis, MD)
63%
Howard University
(Washington D.C.)
53%
Georgetown University
(Washington D.C.)
48%
Towson University
(Towson, MD)
45%
Morgan State University
(Baltimore, MD)
23%
No matching quizzes found
Score Distribution
Percent of People with Each Score
Percentile by Number Answered
Your Score History
You have not taken this quiz